| Tag |
First Indicator |
Second Indicator |
Subfields |
| LEADER |
00000pam a2200000 a 4500 |
| 001 |
in00000086866 |
| 005 |
20151008062814.0 |
| 008 |
810728s1982 nju b 00110 eng |
| 010 |
|
|
|a 81047134
|
| 020 |
|
|
|a 0691035563 :
|c $27.50
|
| 035 |
|
|
|a (OCoLC)07737643
|
| 035 |
|
|
|9 AAK0972AM
|
| 039 |
0 |
|
|a 2
|b 3
|c 3
|d 3
|e 3
|
| 040 |
|
|
|a DLC
|c DLC
|d TXA
|d UtOrBLW
|
| 043 |
|
|
|a e-gr---
|
| 049 |
|
|
|a TXAM
|c [1633185]
|
| 050 |
0 |
0 |
|a D56
|b H86 1982
|
| 082 |
0 |
|
|a 930/.07/2
|2 19
|
| 100 |
1 |
|
|a Hunter, Virginia J.
|
| 245 |
1 |
0 |
|a Past and process in Herodotus and Thucydides /
|c Virginia Hunter.
|
| 264 |
|
1 |
|a Princeton, N.J. :
|b Princeton University Press,
|c [1982]
|
| 264 |
|
4 |
|c ©1982
|
| 300 |
|
|
|a xviii, 371 pages ;
|c 23 cm.
|
| 336 |
|
|
|a text
|b txt
|2 rdacontent
|
| 337 |
|
|
|a unmediated
|b n
|2 rdamedia
|
| 338 |
|
|
|a volume
|b nc
|2 rdacarrier
|
| 500 |
|
|
|a Includes indexes.
|
| 504 |
|
|
|a Bibliography: pages 339-353.
|
| 600 |
0 |
0 |
|a Herodotus.
|
| 600 |
0 |
0 |
|a Thucydides.
|
| 650 |
|
0 |
|a History, Ancient
|x Historiography.
|
| 651 |
|
0 |
|a Greece
|x Historiography.
|
| 999 |
|
|
|a MARS
|
| 999 |
f |
f |
|s a19a3f79-737b-37ff-ae98-bee91b80d623
|i 54c54b15-442a-3069-a579-b0c7d4cf6b52
|t 0
|
| 952 |
f |
f |
|p ric
|a Texas A&M University
|b Rellis Campus
|c Joint Library Facility
|d Remote Storage
|t 0
|e D56 .H86 1982
|h Library of Congress classification
|i unmediated -- volume
|m A14805980228
|
| 998 |
f |
f |
|a D56 .H86 1982
|t 0
|l Remote Storage
|